=LDR 00000nam 2200000 4500 =001 INLIS000000000018171 =005 20130612113345 =008 ***********************************Ind** =035 ##$$0010-061300000018171 =041 ##$$a Ind =082 ##$$a 343.04 =090 ##$$a 343.04, Sum p =100 ##$$a Sumitro, H. Rakhmat =245 ##$$a Pajak ditinjau dari segi hukum, Prof. Dr. H. Rochmat Soemitro, SH =260 ##$$a 1991 $b Bandung =300 ##$$a viii, 99 hlm., 21 cm =650 ##$$a Pajak =850 ##$$a NBPNMAT